000 01856nam0a2200337 4500
001 RU\NLR\BIBL_A\012440403
005 20260407020538.0
021 _aRU
_b97-48581
_92081
035 _a(NLR Aleph) 012440403
090 _a11922613
_c11922613
100 _a20210126d1997 |||y0rusy50 ca
101 0 _arus
102 _aRU
105 _aa z 000zy
181 0 _ai
_baxxe
182 0 _an
200 1 _aКомплексное лечение хронического болевого синдрома у онкологических больных
_eметодические рекомендации для врачей терапевтов, онкологов, анестезиологов
_fУправление здравоохранения Правительства Ставропольского края, Ставропольский краевой клинический онкологический центр, Ставропольская государственная медицинская академия
_g[составители: Палехов А. В. и др.]
203 _aТекст
_bвизуальный
_cнепосредственный
210 _aСтаврополь
_c[б. и.]
_d1997
215 _a32 с.
_cил., табл.
_d20
320 _aБиблиогр.: с. 32 (13 назв.)
606 1 _aОпухоли
_jМетодические пособия
_xБолевые синдромы
_xТерапия
_92333324
_3RU\NLR\AUTH\661395171
686 1 _aР56-32я8
702 1 _aПалехов
_bА. В.
_4220
712 0 2 _4570
_aСтавропольский краевой клинический онкологический центр
_3RU\NLR\AUTH\8810005375
_9508112
852 _aNLR
_j98-4/13620
942 _cBOOK
980 _aNB